| 000 | 01247cam a2200385 i 4500 | ||
|---|---|---|---|
| 005 | 20230609113728.0 | ||
| 008 | 131017t20142014inua 001 0 eng d | ||
| 010 | _a 2013952427 | ||
| 015 |
_aGBB392610 _2bnb |
||
| 016 | 7 |
_a016515586 _2Uk |
|
| 020 | _a9781118736760 (pbk.) | ||
| 020 | _a1118736761 (pbk.) | ||
| 035 | _a(OCoLC)ocn861318599 | ||
| 040 |
_aUKMGB _beng _cUKMGB _erda _dYDXCP _dBTCTA _dJBL _dILC _dVP@ _dSNC _dOCLCF _dDLC |
||
| 042 | _alccopycat | ||
| 082 | 0 | 4 |
_a005.446 _bHAR-O |
| 100 | 1 |
_aHarvell, Ben, _d1981- |
|
| 245 | 1 | 0 |
_aOS X Mavericks / _cBen Harvell. |
| 246 | 3 | 0 | _aMavericks |
| 260 |
_aUSA _bWiley _c2014 |
||
| 264 | 1 |
_aIndianapolis, IN : _bJohn Wiley & Sons, _c[2014] |
|
| 264 | 4 | _c©2014 | |
| 300 |
_a533 pages : _billustrations ; _c24 cm. |
||
| 336 |
_atext _2rdacontent |
||
| 336 |
_astill image _2rdacontent |
||
| 337 |
_aunmediated _2rdamedia |
||
| 338 |
_avolume _2rdacarrier |
||
| 490 | 1 | _aTeach yourself visually complete | |
| 500 | _aIncludes index. | ||
| 650 | 0 | _aOperating systems (Computers) | |
| 650 | 7 |
_aOperating systems (Computers) _2fast _0(OCoLC)fst01046280 |
|
| 906 |
_a7 _bcbc _ccopycat _d2 _encip _f20 _gy-gencatlg |
||
| 999 |
_c18694 _d18694 |
||